載入...
Asirvad evam anya kahaniyam
| 主要作者: | |
|---|---|
| 格式: | Printed Book |
| 出版: |
Jaypur
Pankaj
2012
|
| 主題: |
| LEADER | 00484nam a22001457a 4500 | ||
|---|---|---|---|
| 020 | |a 978-81-909711-7-1 | ||
| 082 | |a H301 |b GOW/A | ||
| 100 | |a Govardhan Lal Garg | ||
| 245 | |a Asirvad evam anya kahaniyam | ||
| 260 | |a Jaypur |b Pankaj |c 2012 | ||
| 300 | |a 79p. | ||
| 650 | |a Stories Hindi |a Literature Hindi |a Literature | ||
| 942 | |c BK | ||
| 999 | |c 52052 |d 52052 | ||
| 952 | |0 0 |1 0 |4 0 |6 H_301_000000000000000_GOW_A |7 0 |9 75719 |a SSUS |b SSUS |c STACKS |d 2015-03-16 |o H301 GOW/A |p 074422 |r 2015-03-16 |v 100.00 |w 2015-03-16 |y BK | ||